Statistics for Flags of Countries that Border Tanzania

Click here to take the quiz!

General Stats

  • This quiz has been taken 153 times
  • The average score is 7 of 8

Answer Stats

Flag Country % Correct
Kenya
100%
Uganda
98%
Mozambique
90%
Zambia
90%
Rwanda
90%
Malawi
89%
Burundi
89%
D.R. Congo
87%

Score Distribution

Percentile by Number Answered

Percent of People with Each Score

Your Score History

You have not taken this quiz